000 00589nam a2200217Ia 4500
005 20250508164429.0
008 008 250505s9999 xx 000 0 hin d
020 _a978-81-89859-47-3
037 _aTextual
040 _aFEDL
_beng
_cFEDL
041 _ahin
_2eng
084 _a891.437, SHU
_qFEDL
100 _aShukla Shrilal
245 0 _aKhabron ki jugali
260 _aNew Delhi, India
_bRajkamal Prakashan Pvt. Ltd.
_c2006
300 _a147p.
365 _aINR
_b175
650 _aHindi Literature
942 _cTEXL
_h891.437, SHU
999 _c1389095
_d1389095